|
|
|
|
| LEADER |
00000nab a2200000 a 4500 |
| 001 |
vtls000734858 |
| 003 |
SK-MaSNL |
| 005 |
20260302193525.0 |
| 008 |
180405c2000 xo 0 slo |
| 015 |
|
|
|a SNBRB2000/11-29076
|
| 035 |
|
|
|a CLN000086726
|
| 040 |
|
|
|a SNKBUCL
|b slo
|c SNKBUCL
|e AACR2
|
| 041 |
0 |
|
|a slo
|
| 044 |
|
|
|a xo
|c SK
|
| 080 |
|
|
|a 940.53
|2 1997
|
| 080 |
|
|
|a 943.8"1944"
|2 1997
|
| 080 |
|
|
|a 941.0"1944"
|2 1997
|
| 080 |
|
|
|a 355.48"1944"
|2 1997
|
| 080 |
|
|
|a 355.469"1944"
|2 1997
|
| 100 |
1 |
|
|a Šimek, Karel
|4 aut
|9 841190
|
| 245 |
1 |
0 |
|a Operácia "Most"
|c Karel Šimek
|
| 300 |
|
|
|b Fotogr., mp.
|
| 610 |
|
7 |
|a Veľká Británia.
|b Army
|2 snkbucl
|9 165117
|
| 650 |
0 |
7 |
|a druhá svetová vojna (1939-1945)
|z Poľsko
|2 snkbucl
|9 176614
|
| 650 |
0 |
7 |
|a operácia Most (1944)
|2 snkbucl
|9 19265
|
| 651 |
|
7 |
|a Poľsko
|x dejiny
|y 1944
|2 snkbucl
|9 912333
|
| 651 |
|
7 |
|a Veľká Británia
|x dejiny
|2 snkbucl
|9 67313
|
| 655 |
|
7 |
|a články z novín a časopisov
|2 snkbucl
|9 267496
|
| 773 |
0 |
|
|t Bojovník
|g Roč. 45, č. 20 (2000), s. 3
|x 0323-2018
|
| 850 |
|
|
|a Slovenská národná knižnica v Martine
|
| 852 |
|
|
|a SNK
|b KIS3GCP
|
| 958 |
|
|
|a PL
|
| 958 |
|
|
|a GB
|
| 992 |
|
|
|a RBX
|
| 999 |
|
|
|c 1444921
|d 1446851
|